00441 2200181 4500001002100000005001500021008004100036020002200077035001900099041000700118082000800125090001400133100002000147245002300167260003300190300001900223650001700242INLIS00000000000712420241224113421241224||||||||| | ||| |||| || |  a978-602-00-1262-9 0010-1224007124 aid0 a813 a813 ARL M0 aArleen Amidjaja00aMY HOBBY IS BAKING bGrapindo Media Pratamac2012 a24 HLM,; 20 CM 0aKesusastraan